| 000 | 00785cam a22002777a 4500 | ||
|---|---|---|---|
| 003 | CHAP | ||
| 005 | 20220329140623.0 | ||
| 008 | 971013s1949 us r 00010 eng d | ||
| 010 | _a54870 | ||
| 011 | _a55842 | ||
| 035 | _a59995 | ||
| 040 | _cCHAP | ||
| 082 | 0 | 4 |
_a581.9 _bW55 |
| 100 | 0 | 0 |
_aWillis, J.C. _9122138 |
| 245 | 1 | 4 | _aThe birth and spread of plants |
| 260 |
_aWaltham : _bChronica Botanica, _c1949 |
||
| 300 | _a561 p. | ||
| 590 |
_aBATCH-UPD _b10 _c20130110 _lUCH01 _h0537 |
||
| 590 |
_aBATCH-UPD _b10 _c20130410 _lUCH01 _h0218 |
||
| 590 |
_aBATCH-UPD _b10 _c20130914 _lUCH01 _h1415 |
||
| 590 |
_aCONVERSION _b10 _c20130109 _lUCH01 _h1330 |
||
| 650 | 1 | 4 |
_aFitogeografía. _941157 |
| 901 | _aBK | ||
| 942 | _cLIBRO | ||
| 949 |
_a581.9 W55 _bBC _cBPA _d-129508 _eBPA _h9644 _i59995 _si |
||
| 999 |
_c54870 _d54870 |
||